| 000 | 00643nab a2200181 4500 | ||
|---|---|---|---|
| 001 | 244442 | ||
| 003 | OSt | ||
| 005 | 20240730083233.0 | ||
| 007 | tu | ||
| 008 | 200917s2020||||||| | ||
| 040 |
_aDE-2950 _cDE-2950 |
||
| 245 | 0 | 0 |
_aBrutale Attacke auf einen 18-jährigen _bGewalt. Es ist der Albtraum aller Eltern. Der Sohn kommt nicht nach Hause. Schwerverletzt finden sie ihn wieder. Vor einen paar Tagen geschah genau das in Frankfurt/ _cLeonard Palm |
| 264 | _c2024 | ||
| 653 | _aFrankfurt (Oder) | ||
| 653 | _aÜberfall | ||
| 773 | 0 |
_g35. Jahrgang (2024) Nr. 168 vom 20.07.2024, S. 17 mit Foto _tMärkische Oderzeitung |
|
| 942 |
_2z _cA |
||
| 999 |
_c373265 _d373265 |
||